Thermodynamic Properties of Solids (Record no. 2218)

MARC details
000 -LEADER
fixed length control field 00337nam a22001337a 4500
008 - FIXED-LENGTH DATA ELEMENTS--GENERAL INFORMATION
fixed length control field 250311b |||||||| |||| 00| 0 eng d
020 ## - INTERNATIONAL STANDARD BOOK NUMBER
ISBN 9783527408122
100 ## - MAIN ENTRY--AUTHOR
Author Chaplot Samrath L.
245 ## - TITLE STATEMENT
Title Thermodynamic Properties of Solids
260 ## - PUBLICATION, DISTRIBUTION, ETC. (IMPRINT)
Place of publication Weinheim
Name of publisher Wiley-VCH
Date of publication 2010
300 ## - COLLATION
Pagination XX,322P
942 ## - ADDED ENTRY ELEMENTS (KOHA)
Item type Books
050 ## - LIBRARY OF CONGRESS CALL NUMBER
Classification number QC176.8
Item number .T44
Holdings
Source of classification or shelving scheme Not for loan Permanent location Current location Date acquired Accession No. Full call number Barcode. Koha item type
Library of Congress Classification   Samuel Ogbemudia Main Library, University of Abuja Samuel Ogbemudia Main Library, University of Abuja 03/11/2025 2024/63022 QC176.8.T44 2025-0459 Books